00705 2200193 4500001002100000005001700021008004100038035002400079082001100103090002000114100001900134245017100153260004400324300003300368504003100401650002100432700004000453990001800493YOGYA-0213000000126420130228082900.0 ind  0010-021300000001264 a297.77 aSK 297.77 San R aSANGKOT SIRAIT aRevitalisasi islamic studies dalam kerangka inklusivisme (telaah kontribusi keilmuan UIN bagi Formulasi... )ctim peneliti sangkot, mahmud arif, muhammad iman zamroni aYogyakarta:aUIN' Sunan Kalijaga,c2006 aIV , 126 lbr.:bIlus;c29 cm aBibliografi : lbr. 122-126 aPendidikan Islam aMahmud Arif,aMuhammad Imam Zamroni a44467-PD/A.12